Guía de padres (Record no. 214820)

MARC details
000 -CABECERA
campo de control de longitud fija 00864cam a22002537a 4500
003 - IDENTIFICADOR DEL NÚMERO DE CONTROL
campo de control MX-MxUPN
005 - FECHA Y HORA DE LA ÚLTIMA TRANSACCIÓN
campo de control 20260423155807.0
008 - ELEMENTOS DE LONGITUD FIJA--INFORMACIÓN GENERAL
campo de control de longitud fija 260319s2005 mx|a|||er|||| 000 0 spa d
040 ## - FUENTE DE LA CATALOGACIÓN
Centro catalogador/agencia de origen MX-MxUPN
Lengua de catalogación spa
041 0# - CÓDIGO DE IDIOMA
Código de lengua del texto/banda sonora o título independiente spa
050 #4 - SIGNATURA TOPOGRÁFICA DE LA BIBLIOTECA DEL CONGRESO
Número de clasificación HQ769
Número de documento/Ítem G853 2005
245 00 - MENCIÓN DE TÍTULO
Título Guía de padres
260 ## - PUBLICACIÓN, DISTRIBUCIÓN, ETC.
Lugar de publicación, distribución, etc. México :
Nombre del editor, distribuidor, etc. Sindicato Nacional de Trabajadores de la Educación,
Fecha de publicación, distribución, etc. 2005
300 ## - DESCRIPCIÓN FÍSICA
Extensión 3 volúmenes :
Otras características físicas ilustraciones color
500 ## - NOTA GENERAL
Nota general Donación
505 0# - NOTA DE CONTENIDO CON FORMATO PREESTABLECIDO
Información miscelánea v.1.
Título 0 a 5 años. --
Información miscelánea v.2.
Título 6 a 12 años. --
Información miscelánea v.3
Título 13 a 15 años.
650 #4 - ASIENTO SECUNDARIO DE MATERIA - TERMINO TEMATICO
Término de materia o nombre geográfico como elemento de entrada Crianza de niños
Subdivisión geográfica México
9 (RLIN) 54128
650 #4 - ASIENTO SECUNDARIO DE MATERIA - TERMINO TEMATICO
Término de materia o nombre geográfico como elemento de entrada Paternidad
Subdivisión geográfica México
9 (RLIN) 18276
650 #4 - ASIENTO SECUNDARIO DE MATERIA - TERMINO TEMATICO
Término de materia o nombre geográfico como elemento de entrada Maternidad
Subdivisión geográfica México
9 (RLIN) 54129
650 #0 - ASIENTO SECUNDARIO DE MATERIA - TERMINO TEMATICO
Término de materia o nombre geográfico como elemento de entrada Relación padres-hijos
9 (RLIN) 1359
700 1# - ASIENTO SECUNDARIO--NOMBRE DE PERSONAL
Nombre de persona Romero Ibarrola, Norma
9 (RLIN) 54130
Término indicativo de función/relación colaboración
902 ## - ELEMENTOS DE DATOS B LOCAL, LDB (RLIN)
Creó MarisolLicea/19032026
Modificó VìctorGodìnez/230426
942 ## - ELEMENTOS DE PUNTO DE ACCESO ADICIONAL (KOHA)
Fuente del sistema de clasificación o colocación Library of Congress Classification
Tipo de ítem Koha Libro
Holdings
Estado de retiro Estado de pérdida Fuente del sistema de clasificación o colocación Estado dañado No para préstamo Código de colección Localización permanente Ubicación/localización actual Ubicación en estantería Fecha de adquisición Enumeración/cronología de publicación seriada Total de préstamos Clasificación Código de barras Fecha visto por última vez Precio válido a partir de Tipo de ítem Koha
    Library of Congress Classification     Colección General Bib. Gregorio Torres Quintero Bib. Gregorio Torres Quintero Planta baja 24/04/2026 v.1   HQ769 G853 2005 340875 24/04/2026 24/04/2026 Libro
    Library of Congress Classification     Colección General Bib. Gregorio Torres Quintero Bib. Gregorio Torres Quintero Planta baja 24/04/2026 v.2   HQ769 G853 2005 340876 24/04/2026 24/04/2026 Libro
    Library of Congress Classification     Colección General Bib. Gregorio Torres Quintero Bib. Gregorio Torres Quintero Planta baja 24/04/2026 v.3   HQ769 G853 2005 340877 24/04/2026 24/04/2026 Libro